ICU重症醫療現場3: 當一個更有溫度的人 (Record no. 7674)

MARC details
000 -LEADER
fixed length control field 00616cam a22002292i 4500
001 - CONTROL NUMBER
control field CIP113009106
003 - CONTROL NUMBER IDENTIFIER
control field YEEZEN
005 - DATE AND TIME OF LATEST TRANSACTION
control field 20250903144953.0
008 - FIXED-LENGTH DATA ELEMENTS--GENERAL INFORMATION
fixed length control field 240618s2024 ch e 000 0 chi d
020 ## - INTERNATIONAL STANDARD BOOK NUMBER
International Standard Book Number 9786267268995
Qualifying information (平裝) :
Terms of availability NT$400
040 ## - CATALOGING SOURCE
Original cataloging agency CIP
Language of cataloging chi
Transcribing agency CIP
042 ## - AUTHENTICATION CODE
Authentication code nbic
084 ## - OTHER CLASSIFICATION NUMBER
Classification number 415
Number source ncsclt
090 ## - LOCALLY ASSIGNED LC-TYPE CALL NUMBER (OCLC); LOCAL CALL NUMBER (RLIN)
Classification number (OCLC) (R) ; Classification number, CALL (RLIN) (NR) 415
245 10 - TITLE STATEMENT
Title ICU重症醫療現場3: 當一個更有溫度的人
Statement of responsibility, etc. /陳志金著
250 ## - EDITION STATEMENT
Edition statement 初版
260 ## - PUBLICATION, DISTRIBUTION, ETC.
Place of publication, distribution, etc. 臺北市 :
Name of publisher, distributor, etc. 原水文化,
Date of publication, distribution, etc. 2024.08
300 ## - PHYSICAL DESCRIPTION
Extent 面 ;
Dimensions 公分
650 #7 - SUBJECT ADDED ENTRY--TOPICAL TERM
Source of heading or term lcstt
Topical term or geographic name entry element 重症醫學
650 #7 - SUBJECT ADDED ENTRY--TOPICAL TERM
Source of heading or term lcstt
Topical term or geographic name entry element 通俗作品
942 ## - ADDED ENTRY ELEMENTS (KOHA)
Source of classification or shelving scheme 中文圖書分類法
Koha item type 一般圖書
Holdings
撤銷狀態 遺失狀態 分類號來源 損壞狀態 不外借 永久館藏地 現在館藏地 書架位置 採購日期 全部借出 全部續借 完整索書號 條碼號 最後一次日期記錄 Date last checked out 一般價格有效日期 Koha館藏類型 公開資訊
未註銷館藏 未遺失 中文圖書分類法 未損毀 可外借 怡仁綜合醫院圖書館 怡仁綜合醫院圖書館   2025-09-03 6 2 415 C03260 2026-03-09 2026-02-23 2025-09-03 一般圖書 ICU(加護病房)主治醫師,座右銘是「救病人,也要救家屬」。由於出身貧窮,早年喪母,更能同理病人與家屬立場。在安寧善終、器官捐贈等方面推廣不遺餘力,以關懷為出發點,協助家屬轉念、解除內疚與自責。
怡仁醫院| 地址:32643桃園市楊梅區楊新北路321巷30號 | 服務專線:03-4855566 | 電子郵件信箱:
Copyright © 1996 CHC Hospital